| 000 | 00921cam a22002895a 4500 | ||
|---|---|---|---|
| 999 |
_c19876 _d19848 |
||
| 001 | 016418707 | ||
| 003 | EG-ScBUE | ||
| 005 | 20190311105353.0 | ||
| 008 | 130428s2014 enka frbd 001 0 eng d | ||
| 020 | _a9780273757771 (pbk.) | ||
| 040 |
_aStDuBDS _beng _cStDuBDS _dUk _dEG-ScBUE _dEG-ScBUE |
||
| 082 | 0 | 4 |
_a659.2 _bTEN _222 |
| 100 | 1 |
_aTench, Ralph. _911584 |
|
| 245 | 1 | 0 |
_aExploring public relations / _cRalph Tench, Liz Yeomans. |
| 250 | _a3rd ed. | ||
| 260 |
_aHarlow : _bPearson Education Limited, _c2014. |
||
| 300 |
_axxix, 565 p. : _bill. (col.) ; _c27 cm. |
||
| 500 | _aGlossary : p. 545-553. | ||
| 500 | _aPrevious edition : 2009. | ||
| 504 | _aIncludes bibliographical references and index. | ||
| 650 | 7 |
_aPublic relations. _2BUEsh _911586 |
|
| 651 | _2BUEsh | ||
| 653 |
_bCOMAME _cJune2015 _cNovember2015 _bBUSADM _cMarch2019 |
||
| 655 | _vText book | ||
| 700 | 1 |
_aYeomans, Liz. _911587 |
|
| 942 | _2ddc | ||